[Event "Campobasso op 20th"]
[Site "Campobasso"]
[Date "2013.08.04"]
[Round "5"]
[White "Lombardi, Vincenzo"]
[Black "Buiano, Fabio"]
[Result "1-0"]
[WhiteElo "1920"]
[BlackElo "2025"]
[PlyCount "45"]
[EventDate "2013.08.02"]
[EventType "swiss"]
[EventRounds "6"]
[EventCountry "ITA"]
[SourceTitle "EXT 2015"]
[Source "ChessBase"]
[SourceDate "2014.11.20"]
[SourceVersion "1"]
[SourceVersionDate "2014.11.20"]
[SourceQuality "1"]

1. e4 c5 2. Nc3 Nc6 3. g3 g6 4. Bg2 Bg7 5. d3 e6 6. Be3 d6 7. Qd2 Nge7 8. Bh6 Bxh6 9. Qxh6 Nd4 10. 0-0-0 Nec6 11. Nge2 Qa5 12. Kb1 Bd7 13. Qf4 0-0-0 14. Qxd6 Nxe2 15. Nxe2 Nb4 16. a3 Nxc2 17. Rc1 Ba4 18. Qe5 Qd2 19. Nc3 Bb3 20. Qxc5+ Kb8 21. Nb5 Qa5 22. Qe5+ Kc8 23. Nd6+ 1-0

[Event "Campobasso op 20th"]
[Site "Campobasso"]
[Date "2013.08.04"]
[Round "6"]
[White "Ristic, Nenad"]
[Black "Lombardi, Vincenzo"]
[Result "1-0"]
[WhiteElo "2437"]
[BlackElo "1920"]
[PlyCount "63"]
[EventDate "2013.08.02"]
[EventType "swiss"]
[EventRounds "6"]
[EventCountry "ITA"]
[SourceTitle "EXT 2015"]
[Source "ChessBase"]
[SourceDate "2014.11.20"]
[SourceVersion "1"]
[SourceVersionDate "2014.11.20"]
[SourceQuality "1"]

1. Nf3 Nf6 2. d4 g6 3. Nc3 d5 4. Bf4 c6 5. Qd2 Bg7 6. Bh6 0-0 7. h4 Bxh6 8. Qxh6 Ng4 9. Qd2 h5 10. e4 Kg7 11. 0-0-0 dxe4 12. Nxe4 Nd7 13. Nfg5 Ndf6 14. f3 Nh6 15. g4 hxg4 16. h5 Rh8 17. hxg6 Nxe4 18. fxe4 f6 19. Rxh6 fxg5 20. Rxh8 Qxh8 21. Bd3 Kxg6 22. Rf1 e5 23. Qb4 Be6 24. Qd6 Re8 25. d5 g3 26. dxe6 g2 27. e7+ Kh5 28. Rg1 Kg4 29. Rxg2+ Kf4 30. Rg1 g4 31. Qg6 Qh3 32. Qf6+ 1-0

[Event "Campobasso op 20th"]
[Site "Campobasso"]
[Date "2013.08.02"]
[Round "2"]
[White "Chicco, Giancarlo"]
[Black "Lombardi, Vincenzo"]
[Result "0-1"]
[WhiteElo "1562"]
[BlackElo "1920"]
[PlyCount "50"]
[EventDate "2013.08.02"]
[EventType "swiss"]
[EventRounds "6"]
[EventCountry "ITA"]
[SourceTitle "EXT 2015"]
[Source "ChessBase"]
[SourceDate "2014.11.20"]
[SourceVersion "1"]
[SourceVersionDate "2014.11.20"]
[SourceQuality "1"]

1. b3 Nf6 2. Bb2 d6 3. g3 g6 4. Bg2 Bg7 5. d3 0-0 6. e4 e5 7. Ne2 Nh5 8. 0-0 Bg4 9. Nd2 Nc6 10. h3 Be6 11. a3 Qd7 12. Kh2 f5 13. f4 exf4 14. Bxg7 fxg3+ 15. Nxg3 Nxg3 16. Kxg3 Qxg7 17. Kh2 Qe5+ 18. Kg1 fxe4 19. Nxe4 d5 20. Nd2 Qe3+ 21. Kh2 Nd4 22. Rxf8+ Rxf8 23. Nf1 Qf2 24. Kh1 Ne2 25. Qe1 Qg1# 0-1

[Event "Campobasso op 20th"]
[Site "Campobasso"]
[Date "2013.08.02"]
[Round "1"]
[White "Lombardi, Vincenzo"]
[Black "Stromboli, Ettore"]
[Result "0-1"]
[WhiteElo "1920"]
[BlackElo "2336"]
[PlyCount "82"]
[EventDate "2013.08.02"]
[EventType "swiss"]
[EventRounds "6"]
[EventCountry "ITA"]
[SourceTitle "EXT 2015"]
[Source "ChessBase"]
[SourceDate "2014.11.20"]
[SourceVersion "1"]
[SourceVersionDate "2014.11.20"]
[SourceQuality "1"]

1. e4 e6 2. d4 d5 3. exd5 exd5 4. Bd3 c5 5. dxc5 Bxc5 6. Nf3 Ne7 7. 0-0 0-0 8. Ng5 Bf5 9. Bxf5 Nxf5 10. Qh5 h6 11. Nf3 Ne7 12. c4 Nd7 13. Nc3 Nf6 14. Qe5 Re8 15. Nb5 a6 16. Nbd4 Ng6 17. Qf5 Bxd4 18. Nxd4 dxc4 19. Be3 Qd5 20. Rad1 Re5 21. Qf3 b5 22. Bd2 Ne4 23. Ba5 Rae8 24. Nf5 Qe6 25. Ng3 Nh4 26. Qf4 g5 27. Qe3 Nc5 28. Qd4 Nd3 29. Bc3 Qc6 30. f3 b4 31. Rxd3 cxd3 32. Qxb4 Qc5+ 33. Qxc5 Rxc5 34. Ne4 Rc6 35. Nf6+ Rxf6 36. Bxf6 Re2 37. Rd1 Rxg2+ 38. Kf1 d2 39. Be5 Nf5 40. Kxg2 Ne3+ 41. Kf2 Nxd1+ 0-1